Vista normal
Vista MARC
Entrada Nombre personal
Número de registros utilizados en: 19
001 - NÚMERO DE CONTROL
- Campo de control: 6290
003 - IDENTIFICADOR DE NÚMERO DE CONTROL
- Campo de control: ES-MaCES
005 - FECHA Y HORA DE LA ULTIMA MODIFICACION
- Campo de control: 20131030105344.0
008 - ELEMENTOS DE DATOS DE LONGITUD FIJA
- Campo de longitud fija: 981123 | azznnaabn |n aaa d
035 ## - NÚMERO DE CONTROL DEL SISTEMA
- Número de control del sistema: CES19980006972n
040 ## - FUENTE DE LA CATALOGACIÓN
- Agencia original de catalogación: ES-MaCES
- Idioma de catalogación: spa
- Agencia de transcripción: ES-MaCES
100 1# - ENCABEZAMIENTO--NOMBRE DE PERSONA
- Nombre personal: Andrés, Javier
510 2# - TRAZADO VEÁSE ADEMÁS--NOMBRE CORPORATIVO
- Nombre corporativo o jurisdicción como elemento de entrada: Jorge Juan
670 ## - FUENTE DE DATOS ENCONTRADOS
- Enlace: CD del CES
- Información encontrada: pertenece al seudónimo colectivo Jorge Juan
901 ## - CES. DATOS SIRTEX
- ID Sirtex (N5N8): 0001500000697
- 005BIS Sirtex: 199811231351MIG

